Statistiche per Riconosci la Squadra di calcio - Quiz n°314

Clicka qui per fare il quiz!

Statistiche generali

  • Questo quiz è stato fatto 4 volte
  • Il punteggio medio è 8 su 10

Statistiche sulle risposte

IndizioRisposta% Corretto
Trofei internazionali1 Coppe dei Campioni/Champions League
1 Coppe delle Coppe
2 Coppa Intertoto UEFA
100%
Colori socialiBlu, bianco, nero
100%
SimboliDinosauri
100%
Divisione nazionale 2023-2024Seconda
100%
Fondazione1887
75%
Trofei nazionali3 Coppe di Germania
2 Coppa di Lega tedesca
75%
Titoli nazionali6 Titoli di Germania
75%
ConfederazioneUEFA
75%
Capienza Stadio57 000 posti
50%
SquadraAmburgo
50%

Distribuzione punteggi

Percentile per numero di risposta

Percentuale di utenti per punteggio

I tuoi punteggi nel tempo

Non hai fatto questo quiz